Libro rojo de los sitios prioritarios para la conservación de la diversidad biológica en Chile
Guardado en:
| Autores principales: | , , |
|---|---|
| Formato: | Libro |
| Lenguaje: | español |
| Publicado: |
Santiago
Ministerio de Agricultura
1996
|
| Materias: | |
| Etiquetas: |
Agregar Etiqueta
Sin Etiquetas, Sea el primero en etiquetar este registro!
|
MARC
| LEADER | 00000nam a2200000 a 4500 | ||
|---|---|---|---|
| 001 | UCR2066 | ||
| 003 | CL-VaPUC | ||
| 008 | 980109e19960000CL |||||||||||||||||spa|d | ||
| 082 | 0 | 4 | |a 577 |b MUÑ |2 21 |
| 100 | |a Muñoz Schick, Mélica |e autora |9 484707 | ||
| 700 | 0 | |a Núñez C., Herman |e author |9 399700 | |
| 700 | 0 | |a Yáñez V., José |e author |9 399701 | |
| 245 | 1 | 0 | |a Libro rojo de los sitios prioritarios para la conservación de la diversidad biológica en Chile |
| 300 | |a 203 p | ||
| 942 | |c BK | ||
| 945 | |d 19980109 00:00:00 |a jquezada | ||
| 260 | |a Santiago |b Ministerio de Agricultura |c 1996 | ||
| 650 | 0 | |a Biología |9 262022 | |
| 650 | 0 | |a Ecosistemas |9 261477 | |
| 650 | 0 | |a Paisajes |9 344660 | |
| 650 | 0 | |a Ecología |9 258124 | |
| 650 | 7 | |a FLORA |2 CL-VaPUC |9 264745 | |
| 650 | 7 | |a FAUNA |2 CL-VaPUC |9 349523 | |
| 650 | 7 | |a CONSERVACION |2 CL-VaPUC |9 259519 | |
| 650 | 0 | |a Recursos naturales |9 255232 | |
| 650 | 0 | |a Áreas silvestres protegidas |9 399702 | |
| 650 | 0 | |a Bosques |9 269804 | |
| 650 | 7 | |a RESERVAS NATURALES |2 CL-VaPUC |9 350715 | |
| 650 | 7 | |a SIMPOSIOS |2 CL-VaPUC |9 399703 | |
| 651 | 7 | |a CHILE |2 CL-VaPUC |9 399704 | |
| 583 | |a last modification |c 19980109 00:00:00 |k Rodrigo Vera | ||
| 999 | |c 265339 |d 265337 | ||
| 952 | |0 0 |1 0 |2 ddc |4 0 |6 577_000000000000000_MUÑ_1996 |7 0 |8 CCM |9 296223 |a BIBCUR |b BIBCUR |c PAC |d 2019-11-20 |i 3378802 |o 577 MUÑ 1996 |p 3378802 |r 2025-04-22 |w 2019-11-20 |y BK |k CIM | ||
| 952 | |0 0 |1 0 |4 0 |6 577_000000000000000_MUÑ_1996 |7 0 |8 A |9 296224 |a BIBAGR |b BIBAGR |d 2019-11-20 |i 3392309 |o 577 MUÑ 1996 |p 3392309 |r 2025-01-20 |w 2019-11-20 |y BK |k AGR | ||